000 01572cam a2200277zu 4500
001 88921921
003 FRCYB88921921
005 20251020123446.0
006 m o d
007 cr un
008 251020s2015 fr | o|||||0|0|||fre d
020 _a9782200602345
035 _aFRCYB88921921
040 _aFR-PaCSA
_bfr
_c
_erda
100 1 _aGemenne, François
245 0 1 _aGéopolitique du climat
_bNégociations, stratégies, impacts
_c['Gemenne, François']
264 1 _bArmand Colin
_c2015
300 _a p.
336 _btxt
_2rdacontent
337 _bc
_2rdamdedia
338 _bc
_2rdacarrier
650 0 _a
700 0 _aGemenne, François
856 4 0 _2Cyberlibris
_uhttps://international.scholarvox.com/netsen/book/88921921
_qtext/html
_a
520 _aLe changement climatique est devenu un sujet de politique internationale, dont les enjeux dépassent largement la seule question écologique pour englober l'ensemble des équilibres mondiaux, et notamment les rapports Nord-Sud. Cet ouvrage, solidement référencé et engagé, examine la dimension géopolitique du réchauffement global. Quels sont les pays responsables ou réputés tels ? quels sont ceux qui en subiront l'impact le plus fortement ? Quels sont les déplacements de populations engagés ou à prévoir ? Les risques pour la sécurité internationale ? Avant la conférence cruciale de Paris, cet ouvrage est donc indispensable pour comprendre les enjeux de la négociation et les nouvelles modalités de la coopération internationale sur le sujet.
999 _c1554281
_d1554281